| 000 | 00727nam a2200193Ia 4500 | ||
|---|---|---|---|
| 001 | 6653 | ||
| 008 | 260622s9999 xx 000 0 und d | ||
| 245 | 0 |
_aلطيف العاني: مصور من العراق/ _cتقديم: د. احسان فتحي |
|
| 246 | _iLateef Al Ani: Photographer from Iraq | ||
| 260 |
_aبغداد؛ _bدار ميزوبوتاميا للطباعة و النشر و التوزيع؛ _c2013 |
||
| 300 |
_a166p; _c27x22cm |
||
| 520 | _aSecond edition, Bilingual version published for Baghdad Arab Cultural Capital 2013 | ||
| 546 | _aArabic | ||
| 648 |
_a1950-1960 _95793 |
||
| 650 |
_aMonochrome photography _99382 |
||
| 650 | _aTR624-835 Technology- Applied Photography | ||
| 651 | _aIraq | ||
| 942 | _cBK | ||
| 999 |
_c6653 _d6653 |
||